00278nam a2200097Ia 4500008004100000082001300041100001800054245001700072260006700089300002400156230907s9999||||xx |||||||||||||| ||und|| a150bCOO aCoon, Dennis. 0aPsychology : aWadsworth, Engage Learning,bAustralia ; | Belmont, CA :c2012 axl, 726, [182] p. :